Řízení výstavby funkčního systému ASPV
Uložené v:
| Médium: | Kniha |
|---|---|
| Jazyk: | Czech |
| Vydavateľské údaje: |
Praha
Výzkumný ústav plánování a řízení národního hospodářství
1980
|
| Edícia: | Ekonomická studie
č. 72 |
| Tagy: |
Žiadne tagy, Buďte prvý, kto otaguje tento záznam!
|
MARC
| LEADER | 00000nam a2200000 4500 | ||
|---|---|---|---|
| 001 | c139708 | ||
| 005 | 20041019155316.8 | ||
| 041 | 0 | |a cze | |
| 044 | |a CZ | ||
| 245 | 1 | 0 | |a Řízení výstavby funkčního systému ASPV |
| 264 | 1 | |a Praha |b Výzkumný ústav plánování a řízení národního hospodářství |c 1980 | |
| 300 | |a 124 s. | ||
| 490 | 1 | |a Ekonomická studie |v č. 72 | |
| 830 | 0 | |a Ekonomická studie |v č. 72 | |